000
00298 a2200097 4500
005
20260216153721.0
100
_a
Pulkit Chadha
245
_a
Data Engineering with Databricks Cookbook: Build effective data and AI solutions using Apache Spark, Databricks, and Delta Lake
260
_c
2024
942
_c
BOOK
999
_c
7819
_d
7819